Técnicas psicológicas de asesoramiento y ayuda interpersonal counseling
I tiakina i:
| Kaituhi matua: | |
|---|---|
| Hōputu: | Pukapuka |
| Reo: | Pāniora |
| I whakaputaina: |
Madrid
Narcea
1983
|
| Rangatū: | Educación hoy
|
| Ngā marau: | |
| Ngā Tūtohu: |
Tāpirihia he Tūtohu
Kāore He Tūtohu, Me noho koe te mea tuatahi ki te tūtohu i tēnei pūkete!
|
MARC
| LEADER | 00000nam a2200000 a 4500 | ||
|---|---|---|---|
| 001 | UCY8401 | ||
| 003 | CL-VaPUC | ||
| 008 | 950703e19830000SP |||||||||||||||||spa|d | ||
| 082 | 0 | 4 | |a 158.3 |b JIM |2 21 |
| 100 | |a Jiménez Hernández-Pinzón, Fernando |e author |9 458456 | ||
| 245 | 1 | 0 | |a Técnicas psicológicas de asesoramiento y ayuda interpersonal counseling |
| 300 | |a 230 p | ||
| 942 | |c BK | ||
| 945 | |d 19950703 00:00:00 |a mfernand | ||
| 260 | |a Madrid |b Narcea |c 1983 | ||
| 650 | 7 | |a ORIENTACION PSICOLOGICA |2 CL-VaPUC |9 311637 | |
| 650 | 7 | |a ENTREVISTA PSICOLOGICA |2 CL-VaPUC |9 332451 | |
| 650 | 7 | |a CONFLICTO INTERPERSONAL |2 CL-VaPUC |9 324589 | |
| 650 | 0 | |a Relaciones interpersonales |9 307056 | |
| 650 | 7 | |a PSICOTERAPIA |2 CL-VaPUC |9 339738 | |
| 583 | |a last modification |c 19950703 00:00:00 |k Rodrigo Vera | ||
| 490 | 0 | |a Educación hoy | |
| 999 | |c 235658 |d 235656 | ||
| 952 | |0 0 |1 0 |4 0 |6 158_300000000000000_JIM_1983 |7 0 |8 P |9 243219 |a BIBEDU |b BIBEDU |c BIBEDU_PB |d 2019-11-18 |i 1525212 |o 158.3 JIM 1983 |p 1525212 |r 2024-01-25 |w 2019-11-18 |y BK |k EDU | ||